00286nam a22000977a 4500008004100000082001600041100000800057245008700065260002800152300000800180230621b xxu||||| |||| 00| 0 eng d a328.16bRSA cRSA aProcedural Developments in the National AssemblybFourth Session-Second Parliament aSouth AfricabRSAc2002 a13p